000 00638nmm a2200217Ia 4500
008 251105s9999||||xx |||||||||||||||||und||
020 _a9788498957815
041 _aspa
100 _aIgnátieva, María
245 0 _aLa hora de Rusia :
_b Poesía contemporánea. Antología
264 _a[Madrid, España] :
_bVisor Libros,
_c2011
300 _a440 páginas
490 _aVisor de Poesía
650 _aOther poetry
700 _aIgnátieva, María
700 1 _a Ignátieva, María
700 1 _a Ignátieva, María
700 1 _a Aliojin, Alekséi
856 _uhttps://public.digitaliapublishing.com/a/41470
942 _cCF
999 _c67072
_d67072